| 000 | 00537nam a2200181 4500 | ||
|---|---|---|---|
| 001 | 122187 | ||
| 003 | ES-MaACL | ||
| 005 | 20230906191927.0 | ||
| 007 | t| | ||
| 008 | 070214s1979 sp r ||||1| spa d | ||
| 100 | 1 |
_aPoulantzas, Nicos. _993436 |
|
| 245 | 1 | 0 |
_aEstado, poder y socialismo / _cpor Nicos Poulantzas ; traducción de Fernando Claudin. |
| 250 | _a1ª. ed. | ||
| 260 |
_aMadrid : _bSiglo Veintiuno, _c1979. |
||
| 300 |
_a326 p. ; _c21 cm. |
||
| 700 | 0 |
_aClaudín, Fernando. _939089 |
|
| 852 |
_aES-MaACL _jA-10180 _bR.99087 |
||
| 999 |
_c122187 _d122187 |
||